| 000 | 00423nam a2200085Ia 4500 | ||
|---|---|---|---|
| 008 | 180130s9999 xx 000 0 und d | ||
| 245 |
_cJudith A. Cohen, Anthony P. Mannarino, & Daniela Navarro _aResidential Treatment |
||
| 300 | _aBook title: Trauma-focused CBT for children and adolescents : treatment applications--Acession number c20996; pages 73-104 | ||
| 650 | _aCOGNITIVE THERAPY, POST-TRAUMATIC STRESS DISORDER--TREATMENT, | ||
| 999 |
_c354611 _d354611 |
||